000 00741nam a2200217 a 4500
001 000014115
005 20240412074240.0
008 091204s1962 dr 001 p spa d
040 _aDO-SdBNP
_bspa
_cBNPHU
082 _aRD861.44
_bC322v
100 1 _aCartagena Portalatín, Aída,
_d1918-1994
_923557
245 1 3 _aLa voz desatada :
_bpoemas /
_cAida Cartagena Portalatin.
260 _aSanto Domingo :
_bLa Nación,
_c1962.
300 _a38 p. ;
_c24 cm.
490 1 _aBaluarte.
_pEdiciones Brigadas Dominicanas
_vno. 7
650 0 _aPoesía dominicana
_966
650 0 _aLiteratura dominicana.
_967
830 0 _aBaluarte
_vno. 7
_pEdiciones Brigadas Dominicanasno. 7
_931942
910 _aValidado. Control de calidad MFF
049 _aBNPD
999 _c13717
_d13717